Statistiche per Paesi con più miliardari

Clicka qui per fare il quiz!

Statistiche generali

  • Questo quiz è stato fatto 2.036 volte
  • Il punteggio medio è 16 su 21

Statistiche sulle risposte

#Paese% Corretto
565Stati Uniti
100%
42Italia
98%
386Cina
97%
38Francia
97%
96Russia
96%
114Germania
95%
25Spagna
92%
39Canada
91%
33Giappone
91%
54Regno Unito
89%
43Brasile
88%
33Australia
86%
101India
85%
36Svizzera
76%
31Svezia
71%
38Corea del Sud
61%
29Turchia
52%
20Indonesia
51%
21Singapore
44%
20Thailandia
39%
31Taiwan
32%

Distribuzione punteggi

Percentile per numero di risposta

Percentuale di utenti per punteggio

I tuoi punteggi nel tempo

Non hai fatto questo quiz